| 000 | 01293cam a2200181 4500500 | ||
|---|---|---|---|
| 005 | 20260329023159.0 | ||
| 041 | _afre | ||
| 042 | _adc | ||
| 100 | 1 | 0 |
_aSouchier, Emmanuël _eauthor |
| 700 | 1 | 0 |
_aCandel, Étienne _eauthor |
| 700 | 1 | 0 |
_aGomez-Mejia, Gustavo _eauthor |
| 700 | 1 | 0 |
_aJeanne Perrier, Valérie _eauthor |
| 700 | 1 | 0 |
_aJeanne-Perrier, Valérie _eauthor |
| 245 | 0 | 0 | _aLe numérique comme écriture : Théories et méthodes d'analyse |
| 260 |
_bArmand Colin,
_c2019. |
||
| 520 | _aCe manuel développe une théorie appliquée aux dispositifs, aux pratiques et aux langages des « médias informatisés ». Véritable manuel à destination de ceux qui ont besoin d'analyser les écrits sur tout type d’écran (ordinateurs, téléphones portables, tablettes, etc.). L’objet de ce livre est donc là : fournir à ses lecteurs une gamme de notions et de pratiques pour analyser, avec rigueur, pertinence et justesse, les textes numériques tels qu’ils se donnent à nous. Les auteurs proposent une approche simple, claire et pertinente, destinée aussi bien aux étudiants, aux rédacteurs web et tout professionnel de la communication numérique. | ||
| 856 | 4 | 1 | _uhttps://shs.cairn.info/le-numerique-comme-ecriture--9782200618582?lang=fr&redirect-ssocas=7080 |
| 999 |
_c1925283 _d1925283 |
||